10 krajów o największej liczbie zgonów Covid19 - 30 kwietnia - Statystyki

Ogólne statystyki
  • Ten quiz został rozwiązany 77 razy
  • Średni wynik to 7 z 13
Statystyki odpowiedzi
kraj % Poprawnych
Stany Zjednoczone
94%
Niemcy
86%
Włochy
81%
Francja
80%
Hiszpania
78%
Wielka Brytania
54%
Brazylia
51%
Iran
39%
Belgia
38%
Holandia
36%
Irlandia
23%
Szwecja
22%
Szwajcaria
19%
Nie znaleziono quizów pasujących do podanych kryteriów
Rozkład punktacji
Procent ludzi z każdym wynikiem
Percentyl według liczby udzielonych odpowiedzi
Twoja historia wyników
Nie rozwiązałeś tego quizu